College Majors Quiz Stats

 Plays Quiz Retired Jun 28, 2021

     
Support Sporcle.
Go Orange.
Score 0/10 Timer 04:00
1 Play Today
Rank Major % Correct
1Business Administration and Management
82.9%
4Biology and Biological Sciences
74.8%
6English Language and Literature
71.9%
2Psychology
61.7%
5Education
57.1%
9Political Science and Government
48.2%
8Communication Studies
41.6%
7Economics
40.4%
3Nursing
37.7%
10Computer and Information Sciences
33.2%

From the Vault

Hangman - Person

by PenguinsMeercats

Well, it is called hangman. So 'person' is kind of implied, right?
Remove Ads.
Support Sporcle.
Get the best of Sporcle when you Go Orange. This ad-free experience offers more features, more stats, and more fun while also helping to support Sporcle. Thank you for becoming a member.

Show Comments

Extras

Top Quizzes Today


Score Distribution

Your Account Isn't Verified!

In order to create a playlist on Sporcle, you need to verify the email address you used during registration. Go to your Sporcle Settings to finish the process.

Report this User

Report this user for behavior that violates our Community Guidelines.

Details: